| 000 | 00781nam a2200241 4500 | ||
|---|---|---|---|
| 003 | OSt | ||
| 005 | 20260601193846.0 | ||
| 008 | 260507b1975 mx |||| |||| 00| 0 spa d | ||
| 040 |
_aICI _bspa _cICI |
||
| 041 | _aspa | ||
| 050 |
_aHF5548.8 _bM64 1975 |
||
| 100 | 1 |
_aMontmollin, Maurice de, _eautor _931553 |
|
| 245 | 1 |
_aLos psicofarsantes : _buna autocrítica de la psicología industrial / _cMaurice de Montmollin ; traducción de María Dolores de la Peña |
|
| 250 | _a4 | ||
| 264 |
_aMéxico : _bSiglo XXI, _c1975. |
||
| 300 | _a123 páginas | ||
| 336 |
_atexto _2rdacontent |
||
| 337 |
_asin medio _2rdamedia |
||
| 338 |
_avolumen _2rdacarrier |
||
| 650 |
_apsicología industrial _931554 |
||
| 700 | 1 |
_aPeña, María Dolores de la, _etraductora _931555 |
|
| 942 |
_2lcc _cB _n1 |
||
| 999 |
_c21670 _d21670 |
||